Normal view
MARC view
Entry Topical Term
001 - CONTROL NUMBER
- control field: 60410
003 - CONTROL NUMBER IDENTIFIER
- control field: dpl
005 - DATE AND TIME OF LATEST TRANSACTION
- control field: 20231229115727.0
008 - FIXED-LENGTH DATA ELEMENTS
- fixed length control field: 231229|| aca||aabn | a|a d
040 ## - CATALOGING SOURCE
- Original cataloging agency: dpl
- Transcribing agency: dpl
150 ## - HEADING--TOPICAL TERM
- Topical term or geographic name as entry element: stir frying
670 ## - SOURCE DATA FOUND
- Source citation: Work cat.: (dpl)38593: Patel, Tushita 60409, Flash in the pan/, 2009
